Responses for Show #307 - Tuesday, November 12, 1985

1985 Tournament of Champions quarterfinal game 2.

Contestants

[<< previous game]

Larry Floyd, an accounting clerk originally from Bridgton, Maine

Jerry Frankel, a musician and a composer originally from Buffalo, New York

Liz Caccese, a generating station operator from Van Nuys, California

[next game >>]

Jeopardy! Round responses

NATURE
MUSICAL NUMBERS
AMERICAN INDIANS
HERBS & SPICES
’70s CINEMA
"CC"
    $100 13
tulip

Larry
    $100 7
7

Jerry
    $100 26
Crazy Horse

Liz
    $100 1
(Liz: What is Roman?)

Greek (Greece)

LizJerry
    $100 2
Paper Moon

Jerry
    $100 12
cold cuts

Jerry
    $200 18
mushrooms

Liz
    $200 8
one-fourth

Jerry
    $200 27
hatchet

Jerry
    $200 19
fennel

Jerry
    $200 3
Network

Jerry
    $200 14
Carter Country

Triple Stumper
    $300 23
monarch

Jerry
    $300 9
Five Foot Two

Jerry
    $300 28
lacrosse

Larry
    $300 20
cayenne

Jerry
    $300 4
The Last Picture Show

Liz
    $300 15
(Larry at first ruled incorrect with casting call.)

Cattle Call

LizLarry
    $400 24
mouse

Liz
    $400 10
3

Liz
    $400 29
(Liz: What is French?)

British (English side)

LizJerry
    $400 21
(Larry: What is garlic?)

parsley

LizLarry
    $400 5
American Graffiti

Jerry
    $400 16
Corpus Christi

Liz
    $500 25
monsoon

Liz
    $500 11
8

Triple Stumper
    $500 30
sign language

Larry
    $500 22
mandrake

Larry
    $600 6
(Jerry: Who are Jon Voight, Burt Reynolds and Roy Scheider?)

Jon Voight, Burt Reynolds, Ronny Cox & Ned Beatty

Jerry
    $500 17
common cold

Jerry

Scores at the first commercial break (after clue 12):

Liz Jerry Larry
$600 $900 $0

Scores at the end of the Jeopardy! Round:

Liz Jerry Larry
$2,500 $2,800 $1,300

Double Jeopardy! Round responses

MEDICINE
FRENCH PHRASES
U.S. STATES
PHOTOGRAPHY
GENERALS
IT TAKES A THIEF
    $200 19
Legionnaires' Disease

Larry
    $200 9
camaraderie

Jerry
    $200 11
Wisconsin

Larry
    $200 24
light

Larry
    $200 3
General MacArthur

Larry
    $200 1
pocket

Liz
    $400 20
leeches

Larry
    $400 10
au gratin

Larry
    $400 12
3

Triple Stumper
    $400 25
film

Jerry
    $1,000 4
General Patton

Larry
    $400 2
Robert Wagner

Larry
    $600 21
Bayer

Jerry
    $600 16
chemin de fer

Jerry
    $600 13
(Larry: What is Maryland?)

New Jersey

Larry
    $600 26
Life

Larry
    $600 8
(Liz: Who is J.E.B. Stuart?)

General (Stonewall) Jackson

LizJerry
    $600 5
Jimmy Valentine

Larry
    $800 22
Parkinson's Disease

Larry
    $800 17
(Jerry pronounced it correctly.)

coup de grace

Jerry
    $800 14
Kansas

Jerry
    $800 29
[The end-of-round signal sounds.]

candid snapshots (camera)

Larry
    $800 27
General Creighton Abrams

Triple Stumper
    $800 6
Raffles

Triple Stumper
    $1000 23
dramamine

Liz
    $1000 18
de rigueur

Larry
    $1000 15
Iowa

Liz
    $1000 28
(Jerry: Who is Marshal Petain?)

Ferdinand Foch

Jerry
Triple Stumper
    $1000 7
(Larry: What is $20,000?)

valueless

Larry
Triple Stumper

Scores at the end of the Double Jeopardy! Round:

Liz Jerry Larry
$4,100 $5,800 $6,500

Final Jeopardy! Round responses

FLAGS
LizWhat is red?
$0
JerryWhat is white?
$2,500
LarryWhat is red?
$2,100
red

Final scores:

Liz Jerry Larry
$4,100 $3,300 $8,600
2nd place: $1,000 if eliminated 3rd place: $1,000 if eliminated Automatic semifinalist

Game dynamics:

Coryat scores:

Liz Jerry Larry
$4,100 $6,400 $6,500
12 R,
3 W
21 R,
2 W
(including 1 DD)
18 R
(including 1 DD),
3 W
(including 1 DD)

Combined Coryat: $17,000

[game clues] [game scores] [suggest correction]

Game tape date: 1985-10-28
The J! Archive is created by fans, for fans. Scraping, republication, monetization, and malicious use prohibited; this site may use cookies and collect identifying information. See terms. The Jeopardy! game show and all elements thereof, including but not limited to copyright and trademark thereto, are the property of Jeopardy Productions, Inc. and are protected under law. This website is not affiliated with, sponsored by, or operated by Jeopardy Productions, Inc. Join the discussion at JBoard.tv.